Penthouse in Bogota /

Saved in:
Bibliografiske detaljer
Hovedforfatter: Paxton, Virginia
Format: Bog
Sprog:English
Udgivet: London : Hurst & Blackett, [1945?]
Fag:
LEADER 00963nam a2200253 a 4500
001 c000111349
003 CARM
005 19991215141938.0
008 830927s1945 enka 000 0deng d
019 1 |a 2822246  |5 LACONCORD2021 
035 |a (OCoLC)4440512  |5 LACONCORD2021 
040 |a NSL:R  |b eng  |c NSL:R  |d ABN-SNR 
043 |a s-ck--- 
082 1 4 |a 918/.61/4  |2 19 
100 1 |a Paxton, Virginia. 
245 1 0 |a Penthouse in Bogota /  |c by Virginia Paxton ; illustrated by Rafael D. Palacios. 
260 |a London :  |b Hurst & Blackett,  |c [1945?] 
300 |a 156 p. :  |b ill. ;  |c 21 cm. 
600 1 0 |a Paxton, Virginia. 
651 0 |a Bogota (Colombia)  |x Description and travel. 
651 0 |a Bogota (Colombia)  |x Social life and customs. 
852 8 |b CARM  |h A2:AG26B0  |i B03286  |p 0157137  |f BK 
999 f f |i ed572de1-6805-5296-8bf8-7b02488b22fe  |s b48075c0-37c2-59cb-af9b-5b9b4f4ec80e 
952 f f |p Can circulate  |a CAVAL  |b CAVAL  |c CAVAL  |d CARM 1 Store  |e B03286  |f A2:AG26B0  |h Other scheme  |i book  |m 0157137